No more comrades. (Record no. 159329)
[ view plain ]
| 000 -LEADER | |
|---|---|
| fixed length control field | 00715cam6a220021700 4500 |
| 001 - CONTROL NUMBER | |
| control field | qce00829545 |
| 005 - DATE AND TIME OF LATEST TRANSACTION | |
| control field | 20190826090552.0 |
| 008 - FIXED-LENGTH DATA ELEMENTS--GENERAL INFORMATION | |
| fixed length control field | 730212s1957 ilua 000 0 eng |
| 010 ## - LIBRARY OF CONGRESS CONTROL NUMBER | |
| LC control number | 57-9230 |
| 035 ## - SYSTEM CONTROL NUMBER | |
| System control number | (Sirsi) r103087 |
| 035 ## - SYSTEM CONTROL NUMBER | |
| System control number | (QCAT)lss00383929 |
| 035 ## - SYSTEM CONTROL NUMBER | |
| System control number | (UPRA)qce00829545 |
| 040 ## - CATALOGING SOURCE | |
| Modifying agency | UPRA |
| 050 0# - LIBRARY OF CONGRESS CALL NUMBER | |
| Classification number | DB 957 Hel 1957 |
| 100 1# - MAIN ENTRY--PERSONAL NAME | |
| Personal name | Heller, Andor. |
| Linkage | A60627.1 |
| 245 10 - TITLE STATEMENT | |
| Title | No more comrades. |
| 260 ## - PUBLICATION, DISTRIBUTION, ETC. | |
| Place of publication, distribution, etc. | Chicago : |
| Name of publisher, distributor, etc. | H. Regnery, |
| Date of publication, distribution, etc. | 1957. |
| 651 #0 - SUBJECT ADDED ENTRY--GEOGRAPHIC NAME | |
| Geographic name | Hungary -- History -- Revolution, 1956. |
| General subdivision | Hungary -- History -- Revolution, 1956. |
| Chronological subdivision | Hungary -- History -- Revolution, 1956. |
| Linkage | S4485.1 |
| 949 ## - LOCAL PROCESSING INFORMATION (OCLC) | |
| a | DB 957 Hel 1957 |
| w | lcc |
| c | 1 |
| i | 33729000066956 |
| m | MAIN |
| p | 2500 |
| t | BOOK |
| l | ON-SHELF |
No items available.